| 000 | 00687nam a2200217 a 4500 | ||
|---|---|---|---|
| 001 | 000042190 | ||
| 005 | 20201002040009.0 | ||
| 008 | 130905s2006 sp 000 0 spa d | ||
| 020 | _a9788447105786 | ||
| 040 |
_aDO-SdBNP _bspa _cBNPHU |
||
| 100 | 1 |
_aBerry, Ian _969200 |
|
| 245 | 1 | 0 |
_aIan Berry / _cIan Berry ;textos Alessandra Mauro ; traducción Carmen de Celis. |
| 260 |
_aMadrid : _bSalvat, _c2006. |
||
| 300 |
_a48 p. + 1 Lám ; _c26 cm. |
||
| 490 | 1 | _aGrandes Fotógrafos | |
| 504 | _aIncluye índice de fotografías | ||
| 700 | 1 |
_aMauro, Alessandra _967116 |
|
| 700 | 1 |
_aCelis, Carmen de _etr. _969195 |
|
| 710 | 2 |
_aMagnum Photos _967117 |
|
| 830 | 0 |
_aGrandes Fotógrafos _967118 |
|
| 999 |
_c41679 _d41679 |
||